De galinhas, fricotes, crocodilos e samba-enredo : enfados e besteiras via embratel en Brasil /
保存先:
| 第一著者: | |
|---|---|
| フォーマット: | 不明 |
| 言語: | Portuguese |
| 主題: | |
| タグ: |
タグ追加
タグなし, このレコードへの初めてのタグを付けませんか!
|
MARC
| LEADER | 000000000a22000000004500 | ||
|---|---|---|---|
| 001 | 002542 | ||
| 041 | 0 | |a por | |
| 100 | 1 | |a Tenório Rocha, José María | |
| 245 | 1 | 0 | |a De galinhas, fricotes, crocodilos e samba-enredo : |b enfados e besteiras via embratel en Brasil / |c José María Tenório Rocha. |
| 310 | |a semestral | ||
| 650 | 4 | |a LITERATURA BRASILEÑA | |
| 773 | 0 | |d México : Instituto Panamericano de Geografía e Historia |t Folklore Americano |g número 57 (1994), páginas 49-51 | |
| 942 | |c ARC | ||
| 999 | |c 9944 |d 9944 | ||
